000 00376nam a22001457a 4500
003 OSt
005 20240403161636.0
008 240403b |||||||| |||| 00| 0 eng d
040 _cCentral Library MRSPTU
100 _aDan Brown
245 _aThe DA Winci Code
_bNow A Major Motion Picture
260 _aUSA
_bGreat Britain by Bantam Press
300 _a604
942 _2ddc
_cBK
_n0
999 _c9976
_d9976